Statistiques concernant Classement des équipes Final Coupe d'Asie 2019

Cliquez ici pour prendre le quiz!

Statistiques générales

  • Ce quiz a été pris 9 fois
  • Le résultat moyen est 9 sur 24

Statistiques - réponses

Position Classement Equipe % Correct
Vainqueur1Qatar
100%
Finaliste2Japon
100%
Demi finale3Iran
100%
Demi finale4Emirats Arabes unis
63%
Quart de finale5Corée du Sud
63%
Quart de finale6Chine
63%
Quart de finale7Australie
38%
Huitième de finale11Irak
38%
Éliminée sur cette phase Phase de Groupe20Syrie
25%
Éliminée sur cette phase Phase de Groupe19Palestine
25%
Éliminée sur cette phase Phase de Groupe18Liban
25%
Éliminée sur cette phase Phase de Groupe17Inde
25%
Huitième de finale13Bahrein
25%
Huitième de finale14Thailande
25%
Huitième de finale12Arabie Saoudite
25%
Quart de finale8Vietnam
25%
Éliminée sur cette phase Phase de Groupe24Corée du Nord
25%
Huitième de finale15Kirghizistan
13%
Huitième de finale16Oman
13%
Huitième de finale10Ouzbekistan
13%
Huitième de finale9Jordanie
13%
Éliminée sur cette phase Phase de Groupe21Philippines
13%
Éliminée sur cette phase Phase de Groupe22Turkmenistan
13%
Éliminée sur cette phase Phase de Groupe23Yemen
13%

Distribution des résultats

Percentile par nombre de réponses

% des personnes avec chaque résultat

Votre développement - résultats

Vous n’avez pas pris ce quiz